000 00616nam a2200181Ia 4500
001 24382
005 20260414151039.0
008 260414t2022||||xx |||||||||||||| ||spa||
041 _aESP
082 _a345.7
_bD84 2022
110 _aDivisión de Estudios Jurídicos de Gaceta Jurídica
245 0 _aCompendium de demandas y escritos del proceso civil :
_bcompendio práctico que sistematiza los modelos de todos los documentos relacionados con los artículos del Código Procesal Civil
260 _c2022
300 _a1198 páginas :
_c25 cm.
650 _aDER
654 _aCDE
942 _cLIB
_dJUS
_fJUS
_2ddc
_n
999 _c24382
_d24382